Italian Soccer Stadiums - Statistics

General Stats
  • This quiz has been taken 97 times
  • The average score is 10 of 21
Answer Stats
Stadium Team % Correct
Renato Dallara Bologna
91%
Artemio Franchi Fiorentina
90%
Mapei Stadium-Città del Tricolore Sassuolo / Reggiana
90%
Dacia Arena Udinese
87%
San Nicola Bari
86%
Marcantonio Bentegodi Hellas Verona
64%
Arechi Salernitana
61%
Massimino Catania
54%
Stadio del Conero Ancona
43%
Renato Curi Perugia
40%
Paolo Mazza SPAL
40%
Dino Manuzzi/Orogel Stadium Cesena
38%
Armando Picchi Livorno
37%
Romeo Anconetani Pisa
33%
Partenio Lombardi Avellino
32%
Libero Liberati Ternana
26%
Alberto Braglia Modena
23%
Giuseppe Moccagatta Alessandria
21%
Silvio Piola Pro Vercelli
17%
Domenico Francioni Latina
11%
Amerigo Liguori Turris
5%
No matching quizzes found
Score Distribution
Percent of People with Each Score
Percentile by Number Answered
Your Score History
You have not taken this quiz